| 000 | 01091nam a22002657a 4500 | ||
|---|---|---|---|
| 005 | 20141110164737.0 | ||
| 008 | 141110b2012 ck ||||| ||||a00| 0 spa d | ||
| 020 | _a9789588370361 | ||
| 041 | _aspa | ||
| 044 | _ack | ||
| 082 | 0 | 4 |
_a338.98 _bS21p |
| 100 | 1 |
_aSánchez-Barrera, Fernando Humberto _928530 |
|
| 245 | 1 | 0 |
_aPlan de manejo de los recursos naturales del territorio colectivo de las comunidades afro de Santa Cecilia, Pueblo Rico Risaralda, Colombia / _bFernando Sanchez ...[et al]. |
| 260 |
_aPereira : _bCarder , _c2012 |
||
| 300 |
_a138 p. _c28 cm. |
||
| 504 | _aIncluye referencias bibliográficas (pag. 137-138) | ||
| 650 | 1 | 6 |
_aOrdenamiento territorial _zPueblo Rico (Risaralda, Dpt. Colombia) _928531 |
| 650 | 4 |
_aComunidades indígenas colombianas. _928532 |
|
| 650 | 4 |
_aPlaneación Municipal _zPueblo Rico (Risaralda, Dpt. Colombia) _928533 |
|
| 651 |
_aColombia _zSanta Cecilia, _zRisaralda. _928534 |
||
| 700 | 1 |
_aNadachowski-Chávarro, Erika _928535 |
|
| 700 | 1 |
_aBedoya, Mónica _928536 |
|
| 700 | 1 |
_aValencia-Valencia, Martha Yazmín _925629 |
|
| 942 |
_2ddc _cLIBRO |
||
| 999 |
_c8778 _d8778 |
||